[Event "Titled Tuesday intern op 27th Feb Late"]
[Site "Chess.com INT"]
[Date "2024.02.27"]
[Round "7"]
[White "Stanojevic, Ilija"]
[Black "Shapiro, Viktor"]
[Result "0-1"]
[WhiteElo "2209"]
[BlackElo "2113"]
[PlyCount "70"]
[EventDate "2024.02.27"]
[EventType "swiss (blitz)"]
[EventRounds "11"]
[EventCountry "USA"]
[SourceTitle "CB10_2024"]
[SourceDate "2024.03.06"]
[SourceVersion "1"]
[SourceVersionDate "2024.03.06"]
[SourceQuality "1"]

1. d4 Nf6 2. c4 c5 3. d5 e6 4. Nc3 exd5 5. cxd5 d6 6. Nf3 g6 7. Nd2 Bg7 8. e4 0-0 9. Be2 a6 10. a4 Re8 11. 0-0 Nbd7 12. Ra3 Rb8 13. h3 Qc7 14. f4 c4 15. Bxc4 b5 16. axb5 axb5 17. Nxb5 Rxb5 18. Bxb5 Qc5+ 19. Kh1 Qxb5 20. Rb3 Qa6 21. Ra3 Qb5 22. Rb3 Qa4 23. Qf3 Nxe4 24. Ra3 Nxd2 25. Bxd2 Qc2 26. Bc3 Nc5 27. Bxg7 Kxg7 28. b4 Ne4 29. Re3 Nd2 30. Rxe8 Nxf3 31. Rxf3 Bb7 32. Re1 Bxd5 33. Rg3 Qf2 34. Ree3 Bxg2+ 35. Kh2 Bf3+ 0-1

[Event "Titled Tuesday intern op 13th Feb Late"]
[Site "Chess.com INT"]
[Date "2024.02.13"]
[Round "7"]
[White "Shapiro, Viktor"]
[Black "Herman, Daniel"]
[Result "0-1"]
[WhiteElo "2113"]
[BlackElo "1927"]
[PlyCount "80"]
[EventDate "2024.02.13"]
[EventType "swiss (blitz)"]
[EventRounds "11"]
[EventCountry "USA"]
[SourceTitle "CB08_2024"]
[SourceDate "2024.02.21"]
[SourceVersion "1"]
[SourceVersionDate "2024.02.21"]
[SourceQuality "1"]

1. c4 c6 2. g3 d5 3. Bg2 Nf6 4. b3 e5 5. Bb2 d4 6. Nf3 Bd6 7. 0-0 0-0 8. e3 c5 9. exd4 cxd4 10. d3 Nc6 11. Na3 Nd7 12. Nc2 Nc5 13. Re1 Bf5 14. Bf1 a5 15. Ba3 Re8 16. Nh4 Be6 17. Bg2 Qd7 18. Bxc5 Bxc5 19. Bxc6 Qxc6 20. Rxe5 f6 21. Re1 Bh3 22. Qf3 g5 23. Qxc6 bxc6 24. Nf3 Bf5 25. Ncxd4 Bxd3 26. Nxc6 Be4 27. Nfd4 Rac8 28. Rad1 Bxc6 29. Nxc6 Rxe1+ 30. Rxe1 Rxc6 31. Kf1 Kf7 32. Rd1 Rd6 33. Rxd6 Bxd6 34. Ke2 Ke6 35. f3 Ke5 36. Kd3 Bb4 37. h3 h5 38. g4 h4 39. Ke3 Bc5+ 40. Ke2 Kf4 0-1

[Event "Titled Tuesday intern op 13th Feb Late"]
[Site "Chess.com INT"]
[Date "2024.02.13"]
[Round "2"]
[White "Shapiro, Viktor"]
[Black "Kamsky, Gata"]
[Result "0-1"]
[WhiteElo "2113"]
[BlackElo "2623"]
[PlyCount "152"]
[EventDate "2024.02.13"]
[EventType "swiss (blitz)"]
[EventRounds "11"]
[EventCountry "USA"]
[SourceTitle "CB08_2024"]
[SourceDate "2024.02.21"]
[SourceVersion "1"]
[SourceVersionDate "2024.02.21"]
[SourceQuality "1"]

1. c4 e5 2. Nc3 Nc6 3. g3 Bc5 4. Bg2 Nge7 5. e3 a6 6. Nge2 Ba7 7. d4 d6 8. 0-0 0-0 9. h3 Rb8 10. b3 b5 11. cxb5 axb5 12. Bb2 b4 13. Nd5 Nxd5 14. Bxd5 Ne7 15. Bg2 Ba6 16. Re1 f6 17. Rc1 Kh8 18. g4 Ng6 19. Ng3 Nh4 20. Bh1 Bb7 21. d5 Bc8 22. Qc2 Bb6 23. Kh2 f5 24. gxf5 Nxf5 25. Be4 Nh6 26. Rh1 Ra8 27. Ba1 Qh4 28. Kg2 Nf7 29. Bf5 Ng5 30. Bxc8 Rfxc8 31. Qc4 Qxc4 32. Rxc4 Rxa2 33. h4 Nf7 34. Rxb4 Bxe3 35. Ne4 h5 36. Ra4 Rc2 37. Rc4 Rxc4 38. bxc4 Bb6 39. Rc1 Ra8 40. Bc3 Ra4 41. Bd2 Kh7 42. Kf3 Ra3+ 43. Be3 Bxe3 44. fxe3 Nh6 45. Ng5+ Kg6 46. Ke4 Ng4 47. Re1 Rc3 48. Ne6 Nf6+ 49. Kf3 Rxc4 50. Rg1+ Ng4 51. e4 Rc3+ 52. Ke2 Re3+ 53. Kd2 Rxe4 54. Nxc7 Rd4+ 55. Kc3 Kf5 56. Rf1+ Rf4 57. Rg1 Rf3+ 58. Kb4 e4 59. Kc4 Ke5 60. Nb5 Ne3+ 61. Kb4 Nxd5+ 62. Ka5 e3 63. Rxg7 e2 64. Rg5+ Rf5 65. Rxf5+ Kxf5 66. Nd4+ Kg4 67. Nxe2 Nf4 68. Nd4 d5 69. Kb5 Kxh4 70. Kc5 Kg4 71. Kd6 h4 72. Ke5 h3 73. Nf5 h2 74. Ne3+ Kg5 75. Nf1 h1Q 76. Nd2 Qe1+ 0-1